[Event "ROM-ch U12"]
[Site "Calimanesti"]
[Date "2014.04.09"]
[Round "5"]
[White "Berechet, Stefan Mario"]
[Black "Chirila, Mihai Casian"]
[Result "1-0"]
[WhiteElo "1504"]
[BlackElo "1001"]
[PlyCount "52"]
[EventDate "2014.04.06"]
[EventType "swiss"]
[EventRounds "9"]
[EventCountry "ROU"]
[SourceTitle "CBM 160 Extra"]
[Source "ChessBase"]
[SourceDate "2014.07.01"]
[SourceVersion "1"]
[SourceVersionDate "2014.07.01"]
[SourceQuality "1"]

1. d4 d5 2. c4 e6 3. Nc3 c6 4. Nf3 Bb4 5. Bf4 Nf6 6. e3 Ne4 7. Qc2 0-0 8. Bd3 f5 9. 0-0 b6 10. a3 Bxc3 11. bxc3 Ba6 12. cxd5 Bxd3 13. Qxd3 exd5 14. Ne5 Nd7 15. Rab1 Nxe5 16. Bxe5 Nd6 17. Bxd6 Qxd6 18. c4 Rf6 19. Rbc1 Rh6 20. f4 c5 21. dxc5 Qxc5 22. Qxd5+ Qxd5 23. cxd5 Rd8 24. Rc7 Rxd5 25. Rxa7 Rd3 26. Rc1 Rxe3 1-0